00832nam a2200205 a 450000100100000000500170001000800410002702000150006804000250008308200150010810000320012324000440015524501140019926000300031330000360034349000620037950000730044170000480051483000640056200004384920201002045014.0140507s1988 sp ac 000 0 spa d a842060366X aDO-SdBNPbspacBNPHU axxxxbxxxx1 aGardner, Martin,d1914-201010aScience, good, bad and boguslEspañol13aLa ciencia, lo bueno, lo malo y lo falso /cMartin Gardner ; traductor Natividad Sánchez Sáinz-Trápaga. aMadrid :bAlianza,c1988. a636 p. :bil., retrs. ;c18 cm.1 aEl libro de bolsilloasección ciencia y técnicav1366 aIncluye referencias bibliográficas y notas al pie de las páginas12aSánchez Sáinz-Trápaga, Natividadetr. 0aEl libro de bolsillo ;psección ciencia y técnican1366